000 00438nam a2200157Ia 4500
005 20250520010043.0
008 240331s9999 xx 000 0 und d
082 _a302.23
_bJAY
100 _aJayawardena Ranbandara,W.M.W.W.R
245 0 _aSri Lankawe janasannivedhana krama
250 _a2nd
260 _aColombo
_bRanbandara Printers & Publishers
_c1993
300 _a84 p .,
500 _aA Book On Research About media
942 _cL
999 _c1133
_d1133